North to South Neighbors: Argentina Quiz Stats

 Plays Quiz Updated Aug 14, 2019

Score 0/5 Timer 00:45
1 Play Today
Latitude North to South Neighboring Countries % Correct
05°15'N???
98.9%
09°40'S???
60.9%
17°19'S???
39.7%
30°05'S???
36.4%
19°17'S???
35.9%

You're not logged in!

Compare scores with friends on all Sporcle quizzes.
OR
Log In

Show Comments

Extras

Top Quizzes Today


Score Distribution

Your Account Isn't Verified!

In order to create a playlist on Sporcle, you need to verify the email address you used during registration. Go to your Sporcle Settings to finish the process.

Report this User

Report this user for behavior that violates our Community Guidelines.

Details: